Já, kverulant nadarmo : Mi Po /

Hlavní autor: Požár, Miloslav, 1946-2025
Další autoři: Goláň, Robert, 1971-
Jazyk: Čeština
Vydáno: Valdek : Klára Mrkusová, 2023
Témata:
Fyzický popis: 127 stran : ilustrace, portréty ; 15 x 21 cm
Knihy
Uloženo v:
LEADER 01383nam a2200409 i 4500
001 nkc20233543869
003 CZ PrNK
005 20251202065914.0
007 ta
008 230814s2023 xr ac e 000 pdcze
015 |a cnb003543869 
020 |q (Brožováno) 
035 |a (OCoLC)1559932844 
040 |a OLA001  |b cze  |e rda 
072 7 |a 821.162.3-1  |x Česká poezie  |2 Konspekt  |9 25 
080 |a 821.162.3-1  |2 MRF 
080 |a (0:82-1)  |2 MRF 
080 |a (084.12)  |2 MRF 
100 1 |a Požár, Miloslav,  |d 1946-2025  |7 ola200203434  |4 aut  |4 pht 
245 1 0 |a Já, kverulant nadarmo :  |b Mi Po /  |c Miroslav Požár + Robert Goláň 
264 1 |a Valdek :  |b Klára Mrkusová,  |c 2023 
300 |a 127 stran :  |b ilustrace, portréty ;  |c 15 x 21 cm 
336 |a text  |b txt  |2 rdacontent 
336 |a statický obraz  |b sti  |2 rdacontent 
337 |a bez média  |b n  |2 rdamedia 
338 |a svazek  |b nc  |2 rdacarrier 
500 |a 200 výtisků 
655 7 |a česká poezie  |7 fd133958  |2 czenas 
655 7 |a fotografické publikace  |7 fd132276  |2 czenas 
655 9 |a Czech poetry  |2 eczenas 
655 9 |a photographical works  |2 eczenas 
700 1 |a Goláň, Robert,  |d 1971-  |7 mzk2002157082  |4 aut  |4 pht 
910 2 |a BOA001  |b 2-1513.020 
990 |a BK 
995 |a 01 
991 |b 202308  |c NOV 
996 6 |b 2610946440  |c 2-1513.020  |l MZK  |r Sklad / do 1 hodiny  |n 0  |p p.v.  |w 001935829  |u 000010  |a 1  |e BOA001  |j MZK50  |s P